[Event "DRUGA LIGA SRBIJE-GRUPA VOJVODINA 2018"]
[Site "Novi Sad"]
[Date "2018.11.15"]
[Round "9"]
[Board "5"]
[White "Markovic, Darko"]
[Black "Marjanusic, Vladimir"]
[Result "0-1"]
[WhiteElo "1617"]
[BlackElo "2197"]
[PlyCount "100"]
[EventDate "2018.11.09"]
[EventType "team"]
[EventRounds "11"]
[EventCountry "SRB"]
[WhiteTeam "S.K. BUDUCNOST-SRPSKA CRNJA"]
[BlackTeam "S.K. BACKA-PACIR"]

1. d4 Nf6 2. Nf3 g6 3. c4 Bg7 4. Nc3 O-O 5. e4 d6 6. h3 e5 7. dxe5 dxe5 8. Be3
Qe7 9. Qb3 c6 10. Be2 h6 11. O-O Nh5 12. Rfd1 Nf4 13. Bf1 g5 14. Bxf4 gxf4 15.
Kh2 Be6 16. Qc2 Nd7 17. b3 Kh8 18. Be2 Rg8 19. Rg1 Nf8 20. Nb1 a5 21. Nbd2 Qc5
22. Raf1 Rd8 23. Nb1 Ng6 24. Nbd2 Rd7 25. Ne1 b6 26. Ndf3 Rgd8 27. Nd3 Qe7 28.
Rd1 f5 29. Nb2 Qf6 30. Bd3 fxe4 31. Bxe4 Rxd1 32. Rxd1 Rxd1 33. Nxd1 Ne7 34.
Qd3 Bf5 35. Qd8+ Kh7 36. Bxf5+ Nxf5 37. Qxf6 Bxf6 38. Nc3 Nd4 39. Ne4 Kg6 40.
Nxf6 Kxf6 41. Nxd4 exd4 42. Kg1 f3 43. gxf3 Kg5 44. Kf1 Kf4 45. Ke2 c5 46. h4
Kf5 47. Kd3 Kg6 48. f4 Kf5 49. Ke2 Kxf4 50. Kd3 Kf3  0-1

[Event "DRUGA LIGA SRBIJE-GRUPA VOJVODINA 2018"]
[Site "Novi Sad"]
[Date "2018.11.15"]
[Round "9"]
[Board "3"]
[White "Bulajic, Ratko"]
[Black "Popovic, Milos T"]
[Result "1/2-1/2"]
[WhiteElo "2316"]
[BlackElo "2375"]
[PlyCount "20"]
[EventDate "2018.11.09"]
[EventType "team"]
[EventRounds "11"]
[EventCountry "SRB"]
[WhiteTeam "SOMBORSKI S.K.-SOMBOR"]
[BlackTeam "S.K. POLET- RASTINA"]

1. d4 Nf6 2. c4 e6 3. Nc3 Bb4 4. Qc2 c5 5. dxc5 Na6 6. a3 Bxc3+ 7. Qxc3 Nxc5 8.
b4 Na4 9. Qc2 b5 10. cxb5 Nb6  1/2-1/2

[Event "DRUGA LIGA SRBIJE-GRUPA VOJVODINA 2018"]
[Site "Novi Sad"]
[Date "2018.11.15"]
[Round "9"]
[Board "1"]
[White "Pastar, Slaven"]
[Black "Petakov, Uros"]
[Result "0-1"]
[WhiteElo "2326"]
[BlackElo "2325"]
[PlyCount "118"]
[EventDate "2018.11.09"]
[EventType "team"]
[EventRounds "11"]
[EventCountry "SRB"]
[WhiteTeam "S.K. KRALJICA PTT-NOVI SAD"]
[BlackTeam "S.K. STARA PAZOVA-STARA PAZOVA"]

1. d4 b5 2. e4 Bb7 3. Bd3 Nf6 4. Qe2 e6 5. Nf3 c5 6. c3 Qb6 7. Nbd2 cxd4 8.
cxd4 Nc6 9. O-O Nxd4 10. Nxd4 Qxd4 11. Nf3 Qb6 12. Bxb5 Bxe4 13. Ne5 Bd5 14.
Bg5 a6 15. Ba4 Qb7 16. b3 Bd6 17. Bxf6 gxf6 18. Nxd7 Ke7 19. g3 Bf3 20. Qe3 Qe4
21. Qxe4 Bxe4 22. Rfd1 Rad8 23. Nb6 h5 24. Nc4 Bc5 25. Na5 Rxd1+ 26. Rxd1 f5
27. Bc6 h4 28. Rd7+ Kf6 29. Bxe4 fxe4 30. Nc4 Rh5 31. Nd6 Bxd6 32. Rxd6 h3 33.
Rxa6 Rc5 34. Kf1 Rc2 35. Ra8 Kf5 36. Rh8 e3 37. fxe3 Kg4 38. Rh4+ Kf3 39. Rf4+
Kxe3 40. Kg1 Rg2+ 41. Kh1 Rxa2 42. Rf1 Rd2 43. Kg1 Rg2+ 44. Kh1 Rb2 45. Kg1 f5
46. Re1+ Kf3 47. Rf1+ Ke4 48. Re1+ Kd5 49. Rd1+ Ke5 50. Re1+ Kf6 51. Re3 e5 52.
Rc3 e4 53. Rc8 Rg2+ 54. Kf1 Rxh2 55. Rh8 Kg5 56. Rh4 e3 57. Ke1 Rb2 58. Kd1 h2
59. Ke1 Rf2  0-1

[Event "DRUGA LIGA SRBIJE-GRUPA VOJVODINA 2018"]
[Site "Novi Sad"]
[Date "2018.11.15"]
[Round "9"]
[Board "2"]
[White "Vujadinovic, Goran"]
[Black "Remecki, Sinisa"]
[Result "1/2-1/2"]
[WhiteElo "2318"]
[BlackElo "2257"]
[PlyCount "97"]
[EventDate "2018.11.09"]
[EventType "team"]
[EventRounds "11"]
[EventCountry "SRB"]
[WhiteTeam "S.K. STARA PAZOVA-STARA PAZOVA"]
[BlackTeam "S.K. KRALJICA PTT-NOVI SAD"]

1. Nf3 Nf6 2. g3 d5 3. Bg2 Nc6 4. d3 e5 5. c3 h6 6. O-O Bd6 7. Qc2 O-O 8. Nbd2
Be6 9. b4 a6 10. a3 Qc8 11. c4 Bh3 12. Bb2 Bxg2 13. Kxg2 Qe6 14. e4 dxe4 15.
dxe4 Rfd8 16. Rfe1 b6 17. Rad1 a5 18. c5 bxc5 19. bxc5 Bf8 20. Nc4 Nd7 21. Rd5
Nxc5 22. Ne3 Nd4 23. Bxd4 exd4 24. Nxd4 Qxe4+ 25. Qxe4 Nxe4 26. Nc6 Re8 27. a4
Nc3 28. Rd7 Bd6 29. Rc1 Nxa4 30. Nf5 Nb6 31. Nxd6 Nxd7 32. Nxe8 Rxe8 33. Nxa5
c5 34. Nb7 Rc8 35. Nd6 Rc6 36. Nc4 f6 37. f4 Kf7 38. Ra1 Rc7 39. Ra6 Nb8 40.
Rb6 Nc6 41. Kf3 g5 42. Ke4 gxf4 43. gxf4 Nd4 44. h4 Re7+ 45. Kd5 Nf5 46. h5
Ne3+ 47. Nxe3 Rxe3 48. Rb7+ Re7 49. Rxe7+  1/2-1/2

[Event "DRUGA LIGA SRBIJE-GRUPA VOJVODINA 2018"]
[Site "Novi Sad"]
[Date "2018.11.15"]
[Round "9"]
[Board "3"]
[White "Ubiparip, Zivko"]
[Black "Stanojevic, Branko"]
[Result "1/2-1/2"]
[WhiteElo "2137"]
[BlackElo "2180"]
[PlyCount "26"]
[EventDate "2018.11.09"]
[EventType "team"]
[EventRounds "11"]
[EventCountry "SRB"]
[WhiteTeam "S.K. KRALJICA PTT-NOVI SAD"]
[BlackTeam "S.K. STARA PAZOVA-STARA PAZOVA"]

1. Nf3 g6 2. c4 Bg7 3. Nc3 d6 4. d4 Nf6 5. e4 O-O 6. Be2 Bg4 7. Be3 Nc6 8. d5
Bxf3 9. Bxf3 Ne5 10. Be2 c5 11. O-O Ne8 12. Qd2 e6 13. f4 Nd7  1/2-1/2

[Event "DRUGA LIGA SRBIJE-GRUPA VOJVODINA 2018"]
[Site "Novi Sad"]
[Date "2018.11.15"]
[Round "9"]
[Board "4"]
[White "Mijatovic, Dejan"]
[Black "Matijevic, Radovan"]
[Result "1/2-1/2"]
[WhiteElo "2255"]
[BlackElo "2105"]
[PlyCount "130"]
[EventDate "2018.11.09"]
[EventType "team"]
[EventRounds "11"]
[EventCountry "SRB"]
[WhiteTeam "S.K. STARA PAZOVA-STARA PAZOVA"]
[BlackTeam "S.K. KRALJICA PTT-NOVI SAD"]

1. d4 d5 2. c4 Nf6 3. cxd5 Nxd5 4. e4 Nf6 5. Nc3 e5 6. d5 h6 7. Be2 Bd6 8. Nf3
O-O 9. O-O Nh7 10. Be3 f5 11. exf5 Bxf5 12. Nd2 Nd7 13. Nc4 Nhf6 14. Nxd6 cxd6
15. Nb5 Nb6 16. Qb3 Be4 17. Nc3 Bg6 18. a4 Bf7 19. Rfd1 Rb8 20. a5 Nc8 21. f3
b6 22. Rd2 Nd7 23. axb6 Ncxb6 24. Qd1 Nc8 25. Nb5 Nf6 26. Nxa7 Nxa7 27. Rxa7
Ra8 28. Rxa8 Qxa8 29. Bc4 Qa5 30. b3 Ra8 31. Rd3 Qb4 32. h3 Ra2 33. Kh2 Qb8 34.
Bd2 Qa7 35. Be3 Qa8 36. Qc1 Kh7 37. b4 Ra1 38. Qb2 Bg6 39. Rd2 Rb1 40. Qc3 Qa4
41. b5 Nd7 42. Bd3 Rb3 43. Qc2 e4 44. Bxe4 Bxe4 45. fxe4 Qxb5 46. Bf4 Qf1 47.
Rf2 Qb1 48. Qxb1 Rxb1 49. Bxd6 Re1 50. Rf7 Nf6 51. Re7 Rxe4 52. Rxe4 Nxe4 53.
Ba3 Kg6 54. d6 Nf6 55. Kg3 Kf5 56. Bb2 Ne4+ 57. Kf3 Nxd6 58. Bxg7 Kg6 59. Be5
Nf7 60. Kf4 h5 61. Bc7 Ng5 62. Ke5 Nf7+ 63. Ke6 Ng5+ 64. Ke7 Ne4 65. Bd8 Nc3
 1/2-1/2

[Event "DRUGA LIGA SRBIJE-GRUPA VOJVODINA 2018"]
[Site "Novi Sad"]
[Date "2018.11.15"]
[Round "9"]
[Board "5"]
[White "Djurnic, Strahinja"]
[Black "Kovacevic, Djordje"]
[Result "0-1"]
[WhiteElo "2072"]
[BlackElo "2090"]
[PlyCount "98"]
[EventDate "2018.11.09"]
[EventType "team"]
[EventRounds "11"]
[EventCountry "SRB"]
[WhiteTeam "S.K. KRALJICA PTT-NOVI SAD"]
[BlackTeam "S.K. STARA PAZOVA-STARA PAZOVA"]

1. e4 Nf6 2. e5 Nd5 3. d4 d6 4. c4 Nb6 5. exd6 cxd6 6. Nc3 g6 7. Be3 Bg7 8. Rc1
O-O 9. b3 Nc6 10. d5 Nb4 11. a3 Na6 12. Be2 Nc7 13. Nf3 e5 14. dxe6 Bxe6 15.
O-O d5 16. c5 Nc8 17. Bd4 Bh6 18. Rb1 Ne7 19. Bf6 Qe8 20. Re1 Nc6 21. Nb5 Nxb5
22. Bxb5 Qc8 23. Nd4 Re8 24. Bxc6 bxc6 25. b4 a6 26. Qf3 Qd7 27. h3 Bf5 28.
Nxf5 Qxf5 29. Qc3 Bd2 30. Rxe8+ Rxe8 31. Qb2 Re2 32. Rf1 Qe6 33. Qa1 h5 34. Bc3
Bh6 35. Re1 Rxe1+ 36. Qxe1 Qxe1+ 37. Bxe1 d4 38. Kf1 d3 39. Bc3 f5 40. Ke1 Kf7
41. Bd2 Bg7 42. Be3 Bc3+ 43. Bd2 Bb2 44. Kd1 Ke6 45. Bc1 Bg7 46. Kd2 Bh6+ 47.
Kd1 f4 48. f3 Kd5 49. Kd2 Kc4  0-1

[Event "DRUGA LIGA SRBIJE-GRUPA VOJVODINA 2018"]
[Site "Novi Sad"]
[Date "2018.11.15"]
[Round "9"]
[Board "6"]
[White "Skoko, Milan"]
[Black "Radanovic, Aleksandar"]
[Result "0-1"]
[WhiteElo "2164"]
[BlackElo "2147"]
[PlyCount "110"]
[EventDate "2018.11.09"]
[EventType "team"]
[EventRounds "11"]
[EventCountry "SRB"]
[WhiteTeam "S.K. STARA PAZOVA-STARA PAZOVA"]
[BlackTeam "S.K. KRALJICA PTT-NOVI SAD"]

1. e4 d6 2. d4 Nf6 3. Nc3 Nbd7 4. Nf3 e5 5. dxe5 dxe5 6. Bc4 h6 7. O-O c6 8. a4
Qc7 9. Qe2 a5 10. b3 Nc5 11. h3 Be7 12. Ne1 g5 13. Nd3 Nxd3 14. Qxd3 Nd7 15.
Qf3 Rh7 16. Ne2 Nb6 17. Bd3 Be6 18. Ng3 O-O-O 19. Nf5 Bc5 20. Bd2 Rg8 21. g4 h5
22. Kg2 Nd7 23. Rh1 f6 24. Bc4 Nf8 25. Be3 Bxe3 26. fxe3 Bxc4 27. bxc4 hxg4 28.
hxg4 Rgh8 29. Ng3 Rxh1 30. Rxh1 Rxh1 31. Kxh1 Nd7 32. Qd1 Nc5 33. Nf5 Nxe4 34.
Kg2 Qd7 35. Qd3 Qxd3 36. cxd3 Nc5 37. d4 exd4 38. exd4 Nxa4 39. Nd6+ Kc7 40.
Ne8+ Kd8 41. Nxf6 Nb2 42. c5 a4 43. Ne4 Ke7 44. Nc3 Ke6 45. Kf3 a3 46. Ke4 Nd1
47. Na2 Nf2+ 48. Kf3 Nxg4 49. Kxg4 Kd5 50. Kxg5 Kxd4 51. Kf4 Kxc5 52. Ke3 Kc4
53. Kd2 Kb3 54. Nc1+ Kb2 55. Nd3+ Kb1  0-1

[Event "DRUGA LIGA SRBIJE-GRUPA VOJVODINA 2018"]
[Site "Novi Sad"]
[Date "2018.11.15"]
[Round "10"]
[Board "1"]
[White "Varga, Zoltan"]
[Black "Czebe, Attila"]
[Result "1/2-1/2"]
[WhiteElo "2444"]
[BlackElo "2401"]
[PlyCount "51"]
[EventDate "2018.11.09"]
[EventType "team"]
[EventRounds "11"]
[EventCountry "SRB"]
[WhiteTeam "S.K. BACKA-PACIR"]
[BlackTeam "SOMBORSKI S.K.-SOMBOR"]

1. d4 Nf6 2. c4 e6 3. g3 c5 4. d5 exd5 5. cxd5 Bd6 6. Bg2 O-O 7. Nc3 Bc7 8. e4
d6 9. Nge2 a6 10. a4 Ba5 11. O-O Re8 12. h3 Nbd7 13. g4 Nf8 14. Ng3 Ng6 15. g5
Nd7 16. Qh5 Bxc3 17. bxc3 Nde5 18. f4 Nd3 19. Bd2 c4 20. Kh2 Bd7 21. f5 Nge5
22. f6 Ng6 23. fxg7 Qe7 24. Rf5 Bxf5 25. exf5 Ngf4 26. Qg4  1/2-1/2

[Event "DRUGA LIGA SRBIJE-GRUPA VOJVODINA 2018"]
[Site "Novi Sad"]
[Date "2018.11.15"]
[Round "10"]
[Board "2"]
[White "Gajcin, Marina"]
[Black "Farkas, Tibor"]
[Result "1/2-1/2"]
[WhiteElo "2161"]
[BlackElo "2310"]
[PlyCount "23"]
[EventDate "2018.11.09"]
[EventType "team"]
[EventRounds "11"]
[EventCountry "SRB"]
[WhiteTeam "SOMBORSKI S.K.-SOMBOR"]
[BlackTeam "S.K. BACKA-PACIR"]

1. e4 e6 2. d4 d5 3. Nc3 Nf6 4. e5 Nfd7 5. f4 c5 6. Nf3 Nc6 7. Be3 cxd4 8. Nxd4
Bc5 9. Qd2 Nxd4 10. Bxd4 Bxd4 11. Qxd4 Qb6 12. O-O-O  1/2-1/2

[Event "DRUGA LIGA SRBIJE-GRUPA VOJVODINA 2018"]
[Site "Novi Sad"]
[Date "2018.11.15"]
[Round "10"]
[Board "1"]
[White "Budisavljevic, Luka"]
[Black "Babic, Dusan S"]
[Result "1-0"]
[WhiteElo "2344"]
[BlackElo "1830"]
[PlyCount "23"]
[EventDate "2018.11.09"]
[EventType "team"]
[EventRounds "11"]
[EventCountry "SRB"]
[WhiteTeam "S.K. VOJVODINA-NOVI SAD"]
[BlackTeam "S.K. BUDUCNOST-SRPSKA CRNJA"]

1. d4 e6 2. Bf4 d5 3. e3 a6 4. Bd3 c5 5. c3 Nf6 6. Nd2 Nc6 7. Ngf3 Bd6 8. Bg3
c4 9. Bc2 b5 10. e4 dxe4 11. Nxe4 Bb7 12. Nxd6+  1-0

[Event "DRUGA LIGA SRBIJE-GRUPA VOJVODINA 2018"]
[Site "Novi Sad"]
[Date "2018.11.15"]
[Round "10"]
[Board "2"]
[White "Obodchuk, Andrei"]
[Black "Grujic, Zoran"]
[Result "1/2-1/2"]
[WhiteElo "2319"]
[BlackElo "2329"]
[PlyCount "65"]
[EventDate "2018.11.09"]
[EventType "team"]
[EventRounds "11"]
[EventCountry "SRB"]
[WhiteTeam "S.K. BUDUCNOST-SRPSKA CRNJA"]
[BlackTeam "S.K. VOJVODINA-NOVI SAD"]

1. e4 c5 2. Nf3 e6 3. d4 cxd4 4. Nxd4 Nf6 5. Nc3 d6 6. Be3 a6 7. f3 b5 8. Qd2
Nbd7 9. g4 Nb6 10. a4 Nc4 11. Bxc4 bxc4 12. a5 Qc7 13. Na4 Bb7 14. Nb6 Rd8 15.
O-O-O Be7 16. Qc3 O-O 17. g5 Nd7 18. Qxc4 Qxc4 19. Nxc4 d5 20. exd5 Bxd5 21.
Nd2 Bb4 22. N4b3 Rc8 23. Kb1 Ne5 24. c3 Bxc3 25. Rc1 Bb4 26. Bc5 Bxc5 27. Rxc5
Rb8 28. Rf1 Rb4 29. Rc3 Rfb8 30. Rfc1 g6 31. Rc8+ Kg7 32. Rxb8 Rxb8 33. Rc3
 1/2-1/2

[Event "DRUGA LIGA SRBIJE-GRUPA VOJVODINA 2018"]
[Site "Novi Sad"]
[Date "2018.11.15"]
[Round "10"]
[Board "4"]
[White "Santrac, Bozo"]
[Black "Mikheev, Stanislav"]
[Result "0-1"]
[WhiteElo "1968"]
[BlackElo "2307"]
[PlyCount "30"]
[EventDate "2018.11.09"]
[EventType "team"]
[EventRounds "11"]
[EventCountry "SRB"]
[WhiteTeam "S.K. BUDUCNOST-SRPSKA CRNJA"]
[BlackTeam "S.K. VOJVODINA-NOVI SAD"]

1. e4 c5 2. Nc3 Nc6 3. g3 g6 4. Bg2 Bg7 5. d3 d6 6. Nge2 Nd4 7. O-O e6 8. a4
Ne7 9. Nb5 O-O 10. Nexd4 cxd4 11. f4 a6 12. Na3 b5 13. Bd2 Qb6 14. b3 Bb7 15.
g4 f5  0-1

[Event "DRUGA LIGA SRBIJE-GRUPA VOJVODINA 2018"]
[Site "Novi Sad"]
[Date "2018.11.15"]
[Round "10"]
[Board "6"]
[White "Markovic, Darko"]
[Black "Veljkovic, Vojislav"]
[Result "1-0"]
[WhiteElo "1617"]
[BlackElo "2159"]
[PlyCount "93"]
[EventDate "2018.11.09"]
[EventType "team"]
[EventRounds "11"]
[EventCountry "SRB"]
[WhiteTeam "S.K. BUDUCNOST-SRPSKA CRNJA"]
[BlackTeam "S.K. VOJVODINA-NOVI SAD"]

1. d4 d6 2. c4 f5 3. Nc3 Nf6 4. Nf3 g6 5. Bg5 Bg7 6. Bxf6 Bxf6 7. e3 O-O 8. Qb3
Kh8 9. Rd1 c6 10. h4 Qe8 11. Be2 Nd7 12. Ng5 e5 13. d5 Bxg5 14. hxg5 c5 15. Nb5
Qe7 16. f4 exf4 17. exf4 Re8 18. Rd2 Nf8 19. Kf2 a6 20. Na3 Bd7 21. Rh3 Qe4 22.
Qf3 b5 23. b3 b4 24. Nc2 Qe7 25. Rd3 Qg7 26. Rh1 Qb2 27. Rd2 Qxa2 28. Qd3 Qb2
29. Nxb4 Qg7 30. Nc6 a5 31. Ra2 Re4 32. Qd2 Bxc6 33. dxc6 Qc7 34. Bf3 Ne6 35.
Bxe4 fxe4 36. Qc3+ Kg8 37. Qh3 Nxf4 38. Qd7 Qxd7 39. cxd7 Nd3+ 40. Ke3 Nb4 41.
Rxa5 Rd8 42. Ra7 Kg7 43. Rf1 d5 44. cxd5 Nxd5+ 45. Kxe4 Nb6 46. Rd1 Kf7 47. Rd6
 1-0

[Event "DRUGA LIGA SRBIJE-GRUPA VOJVODINA 2018"]
[Site "Novi Sad"]
[Date "2018.11.15"]
[Round "10"]
[Board "1"]
[White "Grigoryan, Karen H."]
[Black "Csizik, Karoly"]
[Result "1-0"]
[WhiteElo "2542"]
[BlackElo "1932"]
[PlyCount "41"]
[EventDate "2018.11.09"]
[EventType "team"]
[EventRounds "11"]
[EventCountry "SRB"]
[WhiteTeam "S.K. NAFTAGAS-ELEMIR"]
[BlackTeam "S.K. SENTA-SENTA"]

1. e4 c5 2. Nf3 d6 3. d4 cxd4 4. Nxd4 Nf6 5. Nc3 Nc6 6. Bg5 a6 7. Qd2 Bd7 8.
O-O-O b5 9. Bxf6 gxf6 10. f4 Nxd4 11. Qxd4 Qa5 12. e5 fxe5 13. fxe5 Bh6+ 14.
Kb1 Bg7 15. Qe4 Rc8 16. exd6 e6 17. Nd5 Bc6 18. Qh4 Qd8 19. Ne7 Bd5 20. Qg3 Bf6
21. Nxd5  1-0

[Event "DRUGA LIGA SRBIJE-GRUPA VOJVODINA 2018"]
[Site "Novi Sad"]
[Date "2018.11.15"]
[Round "10"]
[Board "2"]
[White "Balla, Tamas-Kristof"]
[Black "Ratkovic, Miloje"]
[Result "1/2-1/2"]
[WhiteElo "2318"]
[BlackElo "2403"]
[PlyCount "27"]
[EventDate "2018.11.09"]
[EventType "team"]
[EventRounds "11"]
[EventCountry "SRB"]
[WhiteTeam "S.K. SENTA-SENTA"]
[BlackTeam "S.K. NAFTAGAS-ELEMIR"]

1. d4 d5 2. c4 c6 3. cxd5 cxd5 4. Nc3 e5 5. dxe5 d4 6. Ne4 Qa5+ 7. Bd2 Qxe5 8.
Ng3 Nf6 9. Nf3 Qd5 10. e3 dxe3 11. Bxe3 Bb4+ 12. Bd2 Bxd2+ 13. Qxd2 Qxd2+ 14.
Nxd2  1/2-1/2

[Event "DRUGA LIGA SRBIJE-GRUPA VOJVODINA 2018"]
[Site "Novi Sad"]
[Date "2018.11.15"]
[Round "10"]
[Board "3"]
[White "Ratkovic, Milovan"]
[Black "Kopasz, Robert"]
[Result "1/2-1/2"]
[WhiteElo "2411"]
[BlackElo "2320"]
[PlyCount "25"]
[EventDate "2018.11.09"]
[EventType "team"]
[EventRounds "11"]
[EventCountry "SRB"]
[WhiteTeam "S.K. NAFTAGAS-ELEMIR"]
[BlackTeam "S.K. SENTA-SENTA"]

1. d4 g6 2. c4 Bg7 3. Nc3 d6 4. e4 Nd7 5. Be3 e5 6. Nge2 Ne7 7. Qd2 O-O 8.
O-O-O f5 9. Bh6 Bxh6 10. Qxh6 fxe4 11. Nxe4 Nf5 12. Qd2 Qe7 13. dxe5  1/2-1/2

[Event "DRUGA LIGA SRBIJE-GRUPA VOJVODINA 2018"]
[Site "Novi Sad"]
[Date "2018.11.15"]
[Round "10"]
[Board "4"]
[White "Simonyi, Zoltan"]
[Black "Popov, Sinisa S"]
[Result "0-1"]
[WhiteElo "2208"]
[BlackElo "2432"]
[PlyCount "74"]
[EventDate "2018.11.09"]
[EventType "team"]
[EventRounds "11"]
[EventCountry "SRB"]
[WhiteTeam "S.K. SENTA-SENTA"]
[BlackTeam "S.K. NAFTAGAS-ELEMIR"]

1. d4 Nf6 2. c4 e6 3. Nf3 b6 4. Nc3 Bb7 5. g3 Bb4 6. Qb3 c5 7. a3 Bxc3+ 8. Qxc3
cxd4 9. Qxd4 Nc6 10. Qe3 d5 11. cxd5 Nxd5 12. Qd2 Na5 13. Qd1 O-O 14. Bg2 Nf6
15. Bg5 h6 16. Qxd8 Rfxd8 17. Bxf6 gxf6 18. O-O Nb3 19. Rad1 Ba6 20. Rxd8+ Rxd8
21. Re1 Rc8 22. Bf1 Rc2 23. Rd1 Bxe2 24. Bxe2 Rxe2 25. Rd7 Rxb2 26. Rxa7 Nc5
27. Nd4 Ne4 28. f4 Nd2 29. Rb7 h5 30. h3 Ne4 31. g4 hxg4 32. hxg4 Nf2 33. Nc6
Nxg4 34. a4 Ra2 35. Rxb6 Rxa4 36. Nb4 Ra3 37. Nc2 Ne3  0-1

[Event "DRUGA LIGA SRBIJE-GRUPA VOJVODINA 2018"]
[Site "Novi Sad"]
[Date "2018.11.15"]
[Round "10"]
[Board "5"]
[White "Besedes, Danilo"]
[Black "Vranic, Ljubomir"]
[Result "1/2-1/2"]
[WhiteElo "2290"]
[BlackElo "2227"]
[PlyCount "82"]
[EventDate "2018.11.09"]
[EventType "team"]
[EventRounds "11"]
[EventCountry "SRB"]
[WhiteTeam "S.K. NAFTAGAS-ELEMIR"]
[BlackTeam "S.K. SENTA-SENTA"]

1. Nf3 d5 2. d4 Nf6 3. c4 c6 4. Nc3 a6 5. e3 b5 6. b3 Bf5 7. Be2 e6 8. O-O Nbd7
9. Bd2 Bd6 10. Nh4 Bg6 11. g3 Ne4 12. Nxe4 Bxe4 13. f3 Bg6 14. Nxg6 hxg6 15. f4
Nf6 16. a4 bxc4 17. bxc4 c5 18. cxd5 exd5 19. Bf3 O-O 20. Kg2 Re8 21. Rb1 Qc7
22. Qc2 Qa7 23. Qd3 Ne4 24. Ba5 c4 25. Qc2 Bc7 26. Bc3 f5 27. Rb2 Rab8 28. Rfb1
Rxb2 29. Rxb2 Rb8 30. Kf1 Rb6 31. g4 Rxb2 32. Qxb2 Qb8 33. Qxb8+ Bxb8 34. Bb4
Kf7 35. Ke2 Bc7 36. h3 Bd8 37. Bxe4 fxe4 38. g5 Bc7 39. Kd1 Ke6 40. Ke2 Bd8 41.
Kd1 Bc7  1/2-1/2

[Event "DRUGA LIGA SRBIJE-GRUPA VOJVODINA 2018"]
[Site "Novi Sad"]
[Date "2018.11.15"]
[Round "10"]
[Board "6"]
[White "Nagy, Attila N"]
[Black "Adamov, Ivan"]
[Result "0-1"]
[WhiteElo "2241"]
[BlackElo "2126"]
[PlyCount "94"]
[EventDate "2018.11.09"]
[EventType "team"]
[EventRounds "11"]
[EventCountry "SRB"]
[WhiteTeam "S.K. SENTA-SENTA"]
[BlackTeam "S.K. NAFTAGAS-ELEMIR"]

1. Nf3 Nf6 2. d4 g6 3. c4 Bg7 4. Nc3 O-O 5. Bg5 h6 6. Bh4 d6 7. e3 c5 8. Be2 g5
9. Bg3 Nh5 10. dxc5 Nxg3 11. hxg3 dxc5 12. Qc2 e6 13. Rd1 Qe7 14. g4 Nc6 15. a3
f5 16. gxf5 exf5 17. Nd5 Qf7 18. Nd2 g4 19. Nf4 Bd7 20. Nf1 Rae8 21. Ng3 Ne5
22. Rd6 Be6 23. Rh5 Bc8 24. Bd3 Qc7 25. Rhxh6 Bxh6 26. Rxh6 Nxd3+ 27. Nxd3 Qg7
28. Rd6 Rd8 29. Rxd8 Rxd8 30. Nf4 Qe5 31. Ng6 Qd6 32. Nf4 a6 33. Nd5 Qe5 34.
Nh5 Kf7 35. Nhf4 Rh8 36. Nd3 Qd6 37. Qc3 Rh6 38. g3 b6 39. Ke2 Qe6 40. Ne5+ Kf8
41. Nf4 Qd6 42. Ned3 Bb7 43. Qe5 Qxe5 44. Nxe5 Ke7 45. Neg6+ Kf6 46. Nh4 Rh7
47. Kd2 Be4  0-1

[Event "DRUGA LIGA SRBIJE-GRUPA VOJVODINA 2018"]
[Site "Novi Sad"]
[Date "2018.11.16"]
[Round "11"]
[Board "1"]
[White "Babic, Dusan S"]
[Black "Grigoryan, Karen H."]
[Result "0-1"]
[WhiteElo "1830"]
[BlackElo "2542"]
[PlyCount "58"]
[EventDate "2018.11.09"]
[EventType "team"]
[EventRounds "11"]
[EventCountry "SRB"]
[WhiteTeam "S.K. BUDUCNOST-SRPSKA CRNJA"]
[BlackTeam "S.K. NAFTAGAS-ELEMIR"]

1. d4 Nf6 2. Bf4 c5 3. e3 Qb6 4. dxc5 Qxb2 5. Nd2 Qc3 6. Bc4 e5 7. Ne2 Qa5 8.
Bxe5 Ne4 9. c3 Nxc5 10. O-O Nc6 11. Bd4 Ne6 12. Ng3 d5 13. Nb3 Qd8 14. Bd3
Nexd4 15. cxd4 h5 16. Bf5 Bxf5 17. Nxf5 h4 18. Qg4 g6 19. e4 gxf5 20. exf5 Qf6
21. Rfe1+ Be7 22. Nc5 O-O-O 23. Nxb7 Kxb7 24. Rab1+ Ka8 25. Rec1 Rb8 26. Qf3
Qxd4 27. h3 Ne5 28. Rxb8+ Rxb8 29. Rd1 Nxf3+  0-1

[Event "DRUGA LIGA SRBIJE-GRUPA VOJVODINA 2018"]
[Site "Novi Sad"]
[Date "2018.11.16"]
[Round "11"]
[Board "5"]
[White "Santrac, Bozo"]
[Black "Besedes, Danilo"]
[Result "0-1"]
[WhiteElo "1968"]
[BlackElo "2290"]
[PlyCount "37"]
[EventDate "2018.11.09"]
[EventType "team"]
[EventRounds "11"]
[EventCountry "SRB"]
[WhiteTeam "S.K. BUDUCNOST-SRPSKA CRNJA"]
[BlackTeam "S.K. NAFTAGAS-ELEMIR"]

1. e4 e6 2. Nh3 d5 3. f3 dxe4 4. fxe4 e5 5. Nf2 Bc5 6. Be2 Bxf2+ 7. Kxf2 Qh4+
8. g3 Qxe4 9. Bf3 Qd4+ 10. Kg2 Ne7 11. c3 Qd3 12. Re1 Nbc6 13. Re3 Qf5 14. Be4
Qh3+ 15. Kg1 O-O 16. d4 exd4 17. cxd4 Bg4 18. Qd3 Nf5 19. Bg2  0-1

[Event "DRUGA LIGA SRBIJE-GRUPA VOJVODINA 2018"]
[Site "Novi Sad"]
[Date "2018.11.16"]
[Round "11"]
[Board "2"]
[White "Grujic, Zoran"]
[Black "Gajcin, Marina"]
[Result "1/2-1/2"]
[WhiteElo "2329"]
[BlackElo "2161"]
[PlyCount "23"]
[EventDate "2018.11.09"]
[EventType "team"]
[EventRounds "11"]
[EventCountry "SRB"]
[WhiteTeam "S.K. VOJVODINA-NOVI SAD"]
[BlackTeam "SOMBORSKI S.K.-SOMBOR"]

1. c4 c5 2. Nc3 Nc6 3. g3 g6 4. Bg2 Bg7 5. Nf3 e6 6. O-O Nge7 7. d3 d6 8. a3 a5
9. Rb1 O-O 10. Bd2 Nd4 11. b4 axb4 12. axb4  1/2-1/2

[Event "DRUGA LIGA SRBIJE-GRUPA VOJVODINA 2018"]
[Site "Novi Sad"]
[Date "2018.11.16"]
[Round "11"]
[Board "3"]
[White "Bulajic, Ratko"]
[Black "Savanovic, Vuk"]
[Result "1/2-1/2"]
[WhiteElo "2316"]
[BlackElo "2272"]
[PlyCount "20"]
[EventDate "2018.11.09"]
[EventType "team"]
[EventRounds "11"]
[EventCountry "SRB"]
[WhiteTeam "SOMBORSKI S.K.-SOMBOR"]
[BlackTeam "S.K. VOJVODINA-NOVI SAD"]

1. d4 Nf6 2. c4 g6 3. Nf3 Bg7 4. Nc3 O-O 5. e4 d6 6. Be2 e5 7. h3 exd4 8. Nxd4
Re8 9. Bf3 Nc6 10. Nxc6 bxc6  1/2-1/2

[Event "DRUGA LIGA SRBIJE-GRUPA VOJVODINA 2018"]
[Site "Novi Sad"]
[Date "2018.11.16"]
[Round "11"]
[Board "2"]
[White "Farkas, Tibor"]
[Black "Banovic, Ivan"]
[Result "1/2-1/2"]
[WhiteElo "2310"]
[BlackElo "2246"]
[PlyCount "23"]
[EventDate "2018.11.09"]
[EventType "team"]
[EventRounds "11"]
[EventCountry "SRB"]
[WhiteTeam "S.K. BACKA-PACIR"]
[BlackTeam "S.K. KRALJICA PTT-NOVI SAD"]

1. e4 c5 2. Nf3 d6 3. Bb5+ Bd7 4. Bxd7+ Qxd7 5. O-O Nc6 6. Re1 Nf6 7. c3 e6 8.
d4 cxd4 9. cxd4 d5 10. exd5 Nxd5 11. Nc3 Be7 12. Nxd5  1/2-1/2

[Event "DRUGA LIGA SRBIJE-GRUPA VOJVODINA 2018"]
[Site "Novi Sad"]
[Date "2018.11.16"]
[Round "11"]
[Board "5"]
[White "Radanovic, Aleksandar"]
[Black "Marjanusic, Vladimir"]
[Result "1/2-1/2"]
[WhiteElo "2147"]
[BlackElo "2197"]
[PlyCount "20"]
[EventDate "2018.11.09"]
[EventType "team"]
[EventRounds "11"]
[EventCountry "SRB"]
[WhiteTeam "S.K. KRALJICA PTT-NOVI SAD"]
[BlackTeam "S.K. BACKA-PACIR"]

1. e4 c6 2. d4 d5 3. Nc3 dxe4 4. Nxe4 Bf5 5. Ng3 Bg6 6. Nf3 Nd7 7. Bd3 Ngf6 8.
O-O e6 9. c4 Be7 10. Re1 O-O  1/2-1/2